| 000 | 00920nam a2200325Ia 4500 | ||
|---|---|---|---|
| 001 | 60571 | ||
| 003 | IT-RoPAU | ||
| 008 | 130308s9999 xx 000 0 und d | ||
| 040 | _aIT-RoPAU | ||
| 040 | _cIT-RoPAU | ||
| 041 | _aFRANCESE | ||
| 100 | _aNormand Claudine | ||
| 100 | _gCodice Aut. SPICS: 2961 | ||
| 245 | _aDu pragmatisme a la pragmatique: Charles Morris | ||
| 245 | _bSujet Entre Langue et Parole(S) (Le)-Langages 77 | ||
| 250 | _a1a ed. | ||
| 260 | _aPARIS | ||
| 260 | _bLarousse | ||
| 260 | _c1985 [1° Ed.:1985 - Ed.Ling.Originale:1985] | ||
| 300 | _a"9 p. (prefazione: no ; testo: 9 [pagine: 75-83])" | ||
| 500 | _aDal pragmatismo Alla Pragmatica sorgenti del Pragmatismo | ||
| 650 | _aSAGGI DI LINGUISTICA | ||
| 650 | _eCodice materia Spics: 3207 | ||
| 700 | _aTrollez M.F. | ||
| 700 | _gCodice Aut. SPICS: 21749 | ||
| 942 | _cBK | ||
| 957 | _71 | ||
| 999 |
_c39878 _d39878 |
||
| 999 | _bSI | ||
| 999 | _g1 | ||